000 00650nam a2200181Ia 4500
008 151018s9999 xx 000 0 und d
082 _bRBASDV26280
_a610
100 _aध रा गाला
245 _aउपवास करा निरोगी रहा
250 _b1
260 _bनवनीत साहित्य बुक प्रकाशन कर्नाटक
_c1994
300 _a47
600 _aध रा गाला
630 _aउपवास करा निरोगी रहा
700 _aध रा गाला
730 _aउपवास करा निरोगी रहा
942 _cBOOK
999 _c1025886
_d1025883